Statistics for SECOND biggest city/town in these African countries

Click here to take the quiz!

General Stats

  • This quiz has been taken 26 times
  • The average score is 8 of 15

Answer Stats

HintAnswer% Correct
EgyptAlexandria
100%
South AfricaCape Town
100%
NigeriaKano
92%
KenyaMombasa
88%
AlgeriaOran
77%
LibyaBenghazi
69%
MoroccoFes
54%
TunisiaSfax
46%
GhanaKumasi
42%
MalawiBlantyre
35%
ZimbabweBulawayo
35%
AngolaHuambo
23%
Ivory CoastBouake
12%
MozambiqueMaputo
12%
Cape VerdeMindelo
8%

Score Distribution

Percentile by Number Answered

Percent of People with Each Score

Your Score History

You have not taken this quiz